Cuba : (Record no. 11373)
[ view plain ]
| 000 -CABECERA | |
|---|---|
| campo de control de longitud fija | 00769cam a2200229 a 4500 |
| 001 - NÚMERO DE CONTROL | |
| campo de control | 000011688 |
| 005 - FECHA Y HORA DE LA ÚLTIMA TRANSACCIÓN | |
| campo de control | 20200929162529.0 |
| 008 - DATOS DE LONGITUD FIJA--INFORMACIÓN GENERAL | |
| campo de control de longitud fija | 960805s1993 cu a 001 0 spa |
| 040 ## - FUENTE DE LA CATALOGACIÓN | |
| Centro catalogador/agencia de origen | DO-SdBNP |
| Lengua de catalogación | spa |
| Centro/agencia transcriptor | DLC |
| Centro/agencia modificador | BNPHU |
| 082 ## - NÚMERO DE LA CLASIFICACIÓN DECIMAL DEWEY | |
| Número de clasificación | 638.1 |
| Número de documento/Ítem | W499c |
| 049 ## - FONDOS LOCALES (OCLC) | |
| Fondos de biblioteca | BNGR |
| 100 1# - ENTRADA PRINCIPAL--NOMBRE DE PERSONA | |
| Nombre de persona | Werthein, Israel, |
| Fechas asociadas al nombre | 1904- |
| 9 (RLIN) | 27705 |
| 245 10 - MENCIÓN DE TÍTULO | |
| Título | Cuba : |
| Resto del título | paraíso de las abejas (cartas a mi nieto) / |
| Mención de responsabilidad, etc. | Israel Werthein ; edición, Guadalupe Hechavarría. |
| 260 ## - PUBLICACIÓN, DISTRIBUCIÓN, ETC. | |
| Lugar de publicación, distribución, etc. | Santiago, (Cuba) : |
| Nombre del editor, distribuidor, etc. | Oriente, |
| Fecha de publicación, distribución, etc. | 1993. |
| 300 ## - DESCRIPCIÓN FÍSICA | |
| Extensión | 174 p. : |
| Otras características físicas | il. ; |
| Dimensiones | 19 cm. |
| 650 #4 - PUNTO DE ACCESO ADICIONAL DE MATERIA--TÉRMINO DE MATERIA | |
| Término de materia o nombre geográfico como elemento de entrada | Apicultura |
| 9 (RLIN) | 27706 |
| 650 #4 - PUNTO DE ACCESO ADICIONAL DE MATERIA--TÉRMINO DE MATERIA | |
| Término de materia o nombre geográfico como elemento de entrada | Cultura de las abejas |
| Subdivisión geográfica | Cuba |
| 9 (RLIN) | 27707 |
| 650 #4 - PUNTO DE ACCESO ADICIONAL DE MATERIA--TÉRMINO DE MATERIA | |
| Término de materia o nombre geográfico como elemento de entrada | Miel de abeja |
| Subdivisión geográfica | Cuba |
| 9 (RLIN) | 27708 |
| 650 #4 - PUNTO DE ACCESO ADICIONAL DE MATERIA--TÉRMINO DE MATERIA | |
| Término de materia o nombre geográfico como elemento de entrada | Miel de abeja |
| 9 (RLIN) | 27709 |
| 700 1# - PUNTO DE ACCESO ADICIONAL--NOMBRE DE PERSONA | |
| Nombre de persona | Hechavarría, Guadalupe |
| Término indicativo de función/relación | ed. |
| 9 (RLIN) | 27710 |
| 910 ## - DATOS DE OPCIÓN DEL USUARIO (OCLC) | |
| Datos de opción del usuario | Catalogación derivada |
| Estado de retiro | Estado de pérdida | Restricciones de uso | No para préstamo | Código de colección | Localización permanente | Ubicación/localización actual | Ubicación en estantería | Fecha de adquisición | Número de inventario | Total de préstamos | Signatura topográfica completa | Código de barras | Fecha visto por última vez | Precio válido a partir de | Tipo de ítem Koha |
|---|---|---|---|---|---|---|---|---|---|---|---|---|---|---|---|
| Préstamo interno | Monografías: Libros y Folletos | General | General | En catalogación | 23.10.2009 | LF1 | 638.1 W499c | 11688-10 | 25.06.2020 | 25.06.2020 | Préstamo interno |
